<The> effectiveness of transformational leadership styles diplomová práca

Gespeichert in:
Bibliographische Detailangaben
1. Verfasser: Hönel, Constanze
Körperschaft: Ekonomická univerzita v Bratislave. Ústav medzinárodných programov
Weitere Verfasser: Gálik, Rudolf
Format: Buch
Sprache:Englisch
Veröffentlicht: Bratislava 2014
Tags: Tag hinzufügen
Keine Tags, Fügen Sie das erste Tag hinzu!

MARC

LEADER 00000nbm a2200000 4500
001 0193084
005 20170314123926.1
041 0 |a eng 
044 |a SK 
245 1 0 |a <The> effectiveness of transformational leadership styles  |b diplomová práca  |c Constanze Hönel ; školiteľ: Rudolf Gálik 
264 1 |a Bratislava  |c 2014 
300 |a 91 s. 
100 1 |a Hönel, Constanze 
700 1 |a Gálik, Rudolf 
710 2 |a Ekonomická univerzita v Bratislave. Ústav medzinárodných programov